| 000 -LEADER |
| fixed length control field |
00623nam a22002177a 4500 |
| 008 - FIXED-LENGTH DATA ELEMENTS--GENERAL INFORMATION |
| fixed length control field |
150617b xxu||||| |||| 00| 0 eng d |
| 020 ## - INTERNATIONAL STANDARD BOOK NUMBER |
| International Standard Book Number |
9781452274171 |
| 041 0# - LANGUAGE CODE |
| Language code of text/sound track or separate title |
eng |
| 080 ## - UNIVERSAL DECIMAL CLASSIFICATION NUMBER |
| Universal Decimal Classification number |
336 |
| 100 1# - Rafti |
| Rafti |
Gibbons, Gary E., |
| 245 10 - TITLE STATEMENT |
| Title |
Entrepreneurial finance : |
| Statement of responsibility, etc |
Gary Gibbons, Robert D. Hisrich, Carlos M. DaSilva. |
| 260 ## - |
| -- |
Singapore" |
| -- |
Sage; |
| -- |
2015. |
| 300 ## - |
| -- |
277 f.: |
| -- |
24 cm. |
| 500 ## - |
| -- |
Preface: f.xiii-xiv |
| 505 ## - |
| -- |
Index: f.265-277 |
| 650 #0 - |
| -- |
Ndërmarrësia |
| 650 #0 - |
| -- |
Financa |
| 700 1# - |
| -- |
Hisrich, Robert D., |
| 700 1# - |
| -- |
DaSilva, Carlos M., |
| 942 ## - ADDED ENTRY ELEMENTS (KOHA) |
| Source of classification or shelving scheme |
|
| Item type |
Books |